=LDR 00000nam 2200000 4500 =001 INLIS000000000017904 =005 20130612113112 =008 ***********************************Ind** =035 ##$$0010-061300000017904 =041 ##$$a Ind =082 ##$$a 428.07 =090 ##$$a 428.07, Juh c =100 ##$$a Juhari, Setiawan =245 ##$$a Communicative and interactive english for the first grade of vocational high school business and management major, untuk SMK tk 1 semester 1 dan 2 bisnis dan managemen, Setiawan Djuharie =260 ##$$a 2005 $b Bandung =300 ##$$a 368 hlm, 27 cm =650 ##$$a Bahasa Inggris-Studi dan pengajaran =850 ##$$a NBPNMAT